Who's the artist? - Statistics

General Stats
  • This quiz has been taken 11 times
  • The average score is 3 of 15
Answer Stats
Hint Answer % Correct
Lose Yourself Eminem
91%
Chandelier Sia
64%
Sail Awolnation
36%
Stolen Dance Milky Chance
27%
Blame (ft John Newan) Calvin Harris
18%
Prayer in C Lilly Wood and The Prick
9%
Pills and Potions Nicki Minaj
9%
Happy Little Pill Troye Sivan
9%
Lovers on the Sun (ft Sam Martin) David Guetta
0%
Recovery James Arthur
0%
Another Day (ft Popeska) Modestep
0%
Let's Get Ridiculous Redfoo
0%
Trapped (ft Colonel Abrams) The Subs
0%
Angels The xx
0%
No Mediocre (ft Iggy Azalea) T.I.
0%
No matching quizzes found
Score Distribution
Percent of People with Each Score
Percentile by Number Answered
Your Score History
You have not taken this quiz